2022 Movies by Screenshot - Statistics

General Stats
  • This quiz has been taken 2,345 times
    1,569 since last reset
  • The average score is 13 of 16
Answer Stats
Picture Answer % Correct
The Batman
96%
Top Gun: Maverick
94%
Jurassic World Dominion
93%
Avatar: The Way of Water
92%
Doctor Strange in the Multiverse of Madness
92%
Sonic the Hedgehog 2
92%
Minions: The Rise of Gru
91%
Thor: Love and Thunder
91%
Elvis
88%
Puss in Boots: The Last Wish
85%
Black Panther: Wakanda Forever
82%
Lightyear
76%
Black Adam
73%
Fantastic Beasts: The Secrets of Dumbledore
70%
Turning Red
64%
Everything Everywhere All at Once
63%
No matching quizzes found
Score Distribution
Percent of People with Each Score
Percentile by Number Answered
Your Score History
You have not taken this quiz since the last reset